Enfermedades del maíz, frijol, trigo y papa / (Record no. 200437)
[ view plain ]
| 000 -CABECERA | |
|---|---|
| campo de control de longitud fija | 00924nam a2200301Ia 4500 |
| 001 - NÚMERO DE CONTROL | |
| campo de control | Para_1824 |
| 003 - IDENTIFICADOR DEL NÚMERO DE CONTROL | |
| campo de control | CHAP |
| 008 - DATOS DE LONGITUD FIJA--INFORMACIÓN GENERAL | |
| campo de control de longitud fija | 220125s1997 xx 000 0 und d |
| 010 ## - NÚMERO DE CONTROL DE LA BIBLIOTECA DEL CONGRESO | |
| Número de control de LC | 200437 |
| 040 ## - FUENTE DE LA CATALOGACIÓN | |
| Centro/agencia transcriptor | CHAP |
| 090 ## - LOCALMENTE ASIGNADO TIPO-LC NÚMERO DE CLASIFICACIÓN (OCLC); NÚMERO DE CLASIFICACIÓN LOCAL (RLIN) | |
| Número de clasificación (OCLC) (R) ; Numero de clasificación, CALL (RLIN) (NR) | PA FOLLETO 3483 |
| 100 ## - ENTRADA PRINCIPAL--NOMBRE DE PERSONA | |
| Nombre de persona | Teliz Ortíz, Daniel, ed. |
| 9 (RLIN) | 165314 |
| 245 ## - MENCIÓN DE TÍTULO | |
| Título | Enfermedades del maíz, frijol, trigo y papa / |
| Mención de responsabilidad, etc. | por Daniel Teliz Ortíz |
| 260 ## - PUBLICACIÓN, DISTRIBUCIÓN, ETC. | |
| Lugar de publicación, distribución, etc. | Montecillo, Méx. : |
| Nombre del editor, distribuidor, etc. | Colegio de Postgraduados. Centro de Fitopatología |
| 300 ## - DESCRIPCIÓN FÍSICA | |
| Extensión | 84 p. |
| 650 ## - PUNTO DE ACCESO ADICIONAL DE MATERIA--TÉRMINO DE MATERIA | |
| Término de materia o nombre geográfico como elemento de entrada | Frijol |
| Subdivisión general | enfermedades |
| 9 (RLIN) | 43367 |
| 650 ## - PUNTO DE ACCESO ADICIONAL DE MATERIA--TÉRMINO DE MATERIA | |
| Término de materia o nombre geográfico como elemento de entrada | Maíz |
| Subdivisión general | enférmedades |
| 9 (RLIN) | 70939 |
| 650 #7 - PUNTO DE ACCESO ADICIONAL DE MATERIA--TÉRMINO DE MATERIA | |
| Término de materia o nombre geográfico como elemento de entrada | Papas |
| Subdivisión general | Enfermedades |
| Fuente del encabezamiento o término | |
| 9 (RLIN) | 85227 |
| 650 ## - PUNTO DE ACCESO ADICIONAL DE MATERIA--TÉRMINO DE MATERIA | |
| Término de materia o nombre geográfico como elemento de entrada | Trigo |
| Subdivisión general | enfermedades |
| 9 (RLIN) | 115017 |
| 710 ## - PUNTO DE ACCESO ADICIONAL--NOMBRE DE ENTIDAD CORPORATIVA | |
| Nombre de entidad corporativa o nombre de jurisdicción como elemento de entrada | CP. Centro de Fitopatología |
| 9 (RLIN) | 164014 |
| 901 ## - ELEMENTOS DE DATOS A LOCAL LDA (RLIN) | |
| a | PA FOLLETO 3483 |
| 902 ## - ELEMENTOS DE DATOS B LOCAL, LDB (RLIN) | |
| a | A |
| 905 ## - ELEMENTOS DE DATOS E LOCAL, LDE (RLIN) | |
| a | 0000001997 a 0000000000 00 |
| 910 ## - DATOS DE OPCIÓN DEL USUARIO (OCLC) | |
| Datos de opción del usuario | 1997 |
| 942 ## - ELEMENTOS DE PUNTO DE ACCESO ADICIONAL (KOHA) | |
| Tipo de ítem Koha | Parasitologia_ |
| 942 ## - ELEMENTOS DE PUNTO DE ACCESO ADICIONAL (KOHA) | |
| Tipo de ítem Koha | Parasitologia_ |
| -- | 1 |
| Estado de retiro | Estado de pérdida | Fuente del sistema de clasificación o colocación | Estado dañado | No para préstamo | Código de colección | Localización permanente | Ubicación/localización actual | Ubicación en estantería | Fecha de adquisición | Información codificada de la localización en otra ubicación | Total de préstamos | Código de barras | Fecha visto por última vez | Número de copia | Precio válido a partir de | Tipo de ítem Koha | Nota pública |
|---|---|---|---|---|---|---|---|---|---|---|---|---|---|---|---|---|---|
| Clasificación Universidad Autónoma de Chapingo | Folletos | Parasitologia Agricola | Parasitologia Agricola | 27/10/2005 | PARA | PA_7463 | 25/01/2022 | 1 | 25/01/2022 | Folleto | 3 |
